Classement ATP/Février 2020 - Statistiques

Statistiques générales
  • Ce quiz a été pris 135 fois
  • Le résultat moyen est 37 sur 100
Statistiques - réponses
Rang Joueur Pays % Correct
2 Novak Djokovic Serbie
100%
1 Rafael Nadal Espagne
100%
3 Roger Federer Suisse
100%
10 Gael Monfils France
96%
5 Dominic Thiem Autriche
91%
4 Daniil Medvedev Russie
90%
6 Stefanos Tsitsipas Grèce
87%
7 Alexander Zverev Allemagne
85%
15 Stan Wawrinka Suisse
85%
33 Jo-Wilfried Tsonga France
83%
18 Kei Nishikori Japon
81%
21 Benoit Paire France
79%
11 David Goffin Belgique
72%
20 Grigor Dimitrov Bulgarie
65%
60 Richard Gasquet France
65%
12 Fabio Fognini Italie
64%
24 Lucas Pouille France
64%
26 Nick Kyrgios Australie
64%
61 Gilles Simon France
63%
9 Roberto Bautista Agut Espagne
63%
8 Matteo Berrettini Italie
60%
13 Denis Shapovalov Canada
59%
39 Marin Cilic Croatie
59%
16 Andrey Rublev Russie
58%
14 Diego Schwartzman Argentine
58%
35 Milos Raonic Canada
58%
19 John Isner États-Unis
56%
22 Félix Auger-Aliassime Canada
55%
28 Borna Coric Croatie
50%
17 Karen Khachanov Russie
50%
23 Alex De Minaur Australie
46%
64 Pierre-Hugues Herbert France
46%
43 Ugo Humbert France
44%
44 Adrian Mannarino France
42%
48 Casper Ruud Norvège
42%
30 Pablo Carreno Busta Espagne
42%
31 Hubert Hurkacz Pologne
40%
36 Cristian Garin Chili
36%
29 Nikoloz Basilashvili Géorgie
36%
34 Taylor Fritz États-Unis
36%
32 Daniel Evans Royaume-Uni
35%
50 Frances Tiafoe États-Unis
35%
59 Joao Sousa Portugal
33%
71 Yoshihito Nishioka Japon
33%
82 Jannik Sinner Italie
32%
27 Dusan Lajovic Serbie
31%
37 Jan Lennard Struff Allemagne
29%
46 Pablo Cuevas Uruguay
28%
49 Radu Albot Moldavie
28%
56 Alexander Bublik Kazakhstan
27%
62 Cameron Norrie Royaume-Uni
27%
78 Mikael Ymer Suède
27%
70 Corentin Moutet France
26%
57 Feliciano Lopez Espagne
26%
47 John Millman Australie
26%
54 Miomir Kecmanovic Serbie
24%
25 Guido Pella Argentine
23%
58 Jérémy Chardy France
23%
65 Kyle Edmund Royaume-Uni
23%
53 Lorenzo Sonego Italie
23%
42 Arlbert Ramos-Vinolas Espagne
22%
51 Fernando Verdasco Espagne
21%
88 Alejandro Davidovich Fokina Espgane
19%
99 Dennis Novak Autriche
19%
40 Laslo Djere Serbie
19%
38 Reilly Opelka États-Unis
19%
45 Sam Querrey États-Unis
19%
86 Thiago Monteiro Brésil
19%
80 Tommy Paul États-Unis
19%
72 Lloyd Harris Afrique du Sud
18%
67 Marton Fucsovics Hongrie
18%
81 Nicolas Jarry Chili
18%
100 Tennys Sandgren États-Unis
18%
92 Damir Dzumhur Bosnie-Herzégovine
17%
41 Filip Krajinovic Serbie
17%
73 Hugo Dellien Bolivie
17%
68 Mikhail Kukushkin Kazakhstan
17%
79 Philipp Kohlschreiber Allemagne
17%
55 Aljaz Bedene Slovénie
15%
76 Federico Delbonis Argentine
15%
66 Jordan Thompson Australie
15%
52 Juan Ignacio Londero Argentine
15%
77 Marco Cecchinato Italie
15%
69 Ricardas Berankis Lituanie
15%
87 Soonwoo Kwon Corée du Sud
15%
75 Steve Johnson États-Unis
15%
84 Grégoire Barrère France
14%
96 Alexei Popyrin Australie
13%
85 Andreas Seppi Italie
13%
90 Jaume Munar Espagne
12%
98 Egor Gerasimov Biélorussie
9%
63 Pablo Andujar Espagne
9%
83 Roberto Carballès Baena Espagne
9%
91 Yuichi Sugita Japon
8%
95 Salvatore Caruso Italie
6%
89 Dominik Kopfer Allemagne
5%
94 James Duckworth Australie
5%
97 Kamil Majchrzak Pologne
5%
74 Stefano Travaglia Italie
5%
93 Yasutaka Uchiyama Japon
5%
Aucun quiz correspondant
Distribution des résultats
% des personnes avec chaque résultat
Percentile par nombre de réponses
Votre historique - résultats
Vous n’avez pas pris ce quiz